000 00755cab a2200277 4500
001 ABS44816
008 090401t1991 xxu||||| |||| 00| 0 eng d
035 _a(Sirsi) u49205
041 _aeng
245 _aOxfordshire
260 _c1991
350 _a0
490 _aEstates Times
_v(1100) 14 June 1991, 17-26(10)
520 _aAn Estates Times Survey of developments in the retail , office and investment market s in the Oxfordshire area.
650 _aABINGDON
650 _aBANBURY
650 _aBUSINESS PARKS
650 _aDIDCOT
650 _aLEISURE
650 _aM40 CORRIDOR
650 _aOXFORD
650 _aRENTS
690 _aPROPERTY-COMMERCIAL PROPERTY-COMMERCIAL PROPERTY MARKET
942 _n0
948 _c04/03/1997
999 _c30798
_d30798